|
|
|
|
| LEADER |
00000nam0a2200000 4500 |
| 001 |
240358 |
| 005 |
20231101231734.0 |
| 010 |
|
|
|b 3000 экз.
|
| 035 |
|
|
|a (RuTPU)RU\TPU\book\261612
|
| 090 |
|
|
|a 240358
|
| 100 |
|
|
|a 20130620d1987 m y0rusy50 ca
|
| 101 |
0 |
|
|a rus
|
| 102 |
|
|
|a RU
|
| 105 |
|
|
|a ac z 000gy
|
| 200 |
1 |
|
|a [Стихотворения]
|f А. Н. Плещеев
|g худож. Г. Фильчаков
|
| 210 |
|
|
|a Саратов
|c Приволжское книжное издательство
|d 1987
|
| 215 |
|
|
|a 271 с.
|c ил., портр.
|d 11 см.
|
| 300 |
|
|
|a Загл. указано перед вып. дан.
|
| 610 |
1 |
|
|a русская литература
|
| 610 |
1 |
|
|a поэзия
|
| 610 |
1 |
|
|a 19 век
|
| 610 |
1 |
|
|a миниатюрные издания
|
| 686 |
|
|
|a Ч611.68
|v LBC/SL-A
|2 rubbk
|
| 700 |
|
1 |
|a Плещеев
|b А. Н.
|c русский поэт
|f 1825-1893
|g Алексей Николаевич
|2 stltpush
|3 (RuTPU)RU\TPU\pers\13197
|9 3881
|
| 702 |
|
1 |
|a Фильчаков
|b Г.
|4 440
|
| 801 |
|
1 |
|a RU
|b 63413507
|c 20130620
|
| 801 |
|
2 |
|a RU
|b 63413507
|c 20130620
|g RCR
|
| 942 |
|
|
|c BK
|